| 000 | 00397nam a2200145Ia 4500 | ||
|---|---|---|---|
| 008 | 231217s9999 xx 000 0 und d | ||
| 041 | _aEnglish | ||
| 082 | _a001.6424BOR FER`R' | ||
| 100 | _aCozens's, Simon Wainwright,Peter | ||
| 245 | 0 | _aBorland C++ 3.0 for Windows 3.1 (Vijay Mukhi's) | |
| 260 |
_c1991 _bNew Delhi : BPB, |
||
| 300 | _a929 | ||
| 650 | _aBorland C++ Windows | ||
| 942 | _cAA | ||
| 999 |
_c162733 _d162733 |
||